| 000 | 00834nam a22001935i 4500 | ||
|---|---|---|---|
| 001 | 159218 | ||
| 003 | ES-MaACL | ||
| 005 | 20251014063230.0 | ||
| 008 | 000120s1883 xxka |||| | eng d | ||
| 040 |
_aCCPB | B _bspa _cCCPB | B |
||
| 100 | 1 |
_aStirling Maxwell, William, _cSir, _d1818-1878 _9129751 |
|
| 245 | 1 | 0 |
_aDon John of Austria _b: or passages from the history of the sixteenth century 1547-1578 / _cby the late Sir William Stirling-Maxwell, Bart. |
| 260 |
_aLondon : _bLongmans, Green, and Co., _c1883 ( _eEdinburgh : _fprinted by R. & R. Clark) |
||
| 300 |
_a2 v. (XX, [1], 513; XIII, [1], 526 p.) : _bil. ; _c27 cm. |
||
| 600 | 1 | 4 |
_aAustria, Juan de ( _d1545-1578) _9151484 |
| 651 | 4 |
_aEspaƱa- _xHistoria- _y1556-1598, Felipe II. _98218 |
|
| 852 |
_aES-MaACL _jG-7144-45 _z-- Enc. tela |
||
| 999 |
_c159218 _d159218 |
||